000 00485nmm a2200169Ia 4500
008 251105s9999||||xx |||||||||||||||||und||
020 _a9788466936149
041 _aspa
100 _aMoreno Rueda, Begoña
245 0 _aReencarnación
264 _a[Madrid, España] :
_bEdiciones Complutense,
_c2019
300 _a46 páginas
490 _aPremio Complutense de Literatura
650 _aSpanish poetry
856 _uhttps://public.digitaliapublishing.com/a/129292
942 _cCF
999 _c83328
_d83328